000 00187nam a2200085 4500
001 1255066
005 20251203100907.0
245 _aOLMAK CESARETİ
_cKEMAL SAYAR
260 _bTİMAŞ YAYINLARI
999 _c1255066
_d1255066